Modern socialism : as set forth by socialists in their speeches, writings, and programmes /

Bibliographic Details
Main Author: Ensor, R. C. K. (Robert Charles Kirkwood), 1877-1958
Format: Book
Language:English
Published: London, New York : Harper & brothers, 1904.
Subjects:

MARC

Tag First Indicator Second Indicator Subfields
LEADER 00000cam a2200000 4500
001 in00000059332
005 20151008051552.0
008 770621s1904 enk 00110 eng
010 |a  09019441  
035 |a (OCoLC)03056679 
035 |9 AAG8731AM 
040 |a DLC  |c IBS  |d TXA  |d UtOrBLW 
049 |a TXAM  |c [55679] 
050 0 |a HX39  |b .E5 
092 |a 335  |b E59m 
100 1 |a Ensor, R. C. K.  |q (Robert Charles Kirkwood),  |d 1877-1958. 
245 1 0 |a Modern socialism :  |b as set forth by socialists in their speeches, writings, and programmes /  |c ed., with an introduction, by R. C. K. Ensor. 
264 1 |a London,  |a New York :  |b Harper & brothers,  |c 1904. 
300 |a xxxvii, 388 pages ;  |c 19 cm. 
336 |a text  |b txt  |2 rdacontent 
337 |a unmediated  |b n  |2 rdamedia 
338 |a volume  |b nc  |2 rdacarrier 
500 |a Collection of 29 articles by various authors. 
650 0 |a Socialism. 
999 |a MARS 
999 f f |s 2fb396ee-4412-396f-8526-e7e9746cd58f  |i b802b8cd-746a-3dae-b0f4-f006a5c85376  |t 0 
952 f f |p ric  |a Texas A&M University  |b Rellis Campus  |c Joint Library Facility  |d Remote Storage  |t 0  |e HX39 .E5  |h Library of Congress classification  |i unmediated -- volume  |m A14800743419 
998 f f |a HX39 .E5  |t 0  |l Remote Storage